Normal view
MARC view
- Torres Rincón, Sonia Mireya
Entry Nombre Personal
001 - NUMERO DE CONTROL
- campo de control: 59263
003 - IDENTIFICADOR DE NUMERO DE CONTROL
- campo de control: MX-MxUPN
005 - FECHA Y HORA DE LA ÜLTIMA TRANSACCIÓN
- campo de control: 20260415145454.0
008 - DATOS DE LONGITUD FIJA
- campo de control de longitud fija: 260415|n ac|nnaabn | aaa d
040 ## - FUENTE DE CATALOGACIÓN
- Agencia original de catalogación: MX-MxUPN
- Lenguaje de catalogación: spa
100 1# - ENCABEZAMIENTO - NOMBRE PERSONAL
- Nombre personal: Torres Rincón, Sonia Mireya
670 ## - FUENTE EN LA QUE SE LOCALIZARON DATOS
- Cita de la fuente: Cuadernos de trabajo comunitario 2. Tejer conocimiento sobre la perspectiva de género y la prevención de violencias en entornos comunitarios y educativos, 2022:
- Información localizada: portada (Sonia Mireya Torres Rincón)
- Uniform Resource Identifier: http://hdl.handle.net/20.500.12209/18432
902 ## - CATALOGADOR
- Catalogador: JohanaAllegre/150426
